000 00761nam a2200217Ii 4500
003 JO-AjNU
008 230605s9999||||xx |||||||||||||| ||und||
017 _a1970/4226
040 _aJO-AjNU
_bara
_erda
_cJO-AjNU
041 _aara
050 1 4 _aLB1025.S526 1970
100 3 _aشعلان، محمد سليمان مؤلف /جاد الله،سعاد م.مشارك,
_eauthor
_940335
245 0 0 _aهذا هو التدريس،مدخل لإعداد المعلم
250 _aط2
264 3 1 _aالقاهرة:دار غريب1982
300 _a203ص
336 _atext
_btxt
_2rdacontent
337 _aunmediated
_bn
_2rdamedia
338 _avolume
_bnc
_2rdacarrier
650 4 _aمعلمون-تدريب-مصر. التربية و التعليم-مصر.
_940336
999 _aA17108
_c20676
_d20676